000
00251nam a22001097a 4500
008
160519b xxu||||| |||| 00| 0 eng d
020
_a
067520886601
041
_a
eng
080
_a
553
245
_a
General geology:
_c
Robert J. Foster;
942
_2
udc
_c
BK
999
_c
2272
_d
2272